00521nam a22001817a 450000500170000001000310001702000320004803500170008003500130009703700170011003700220012708200060014924500510015526000350020627000600024130000260030152000120032720180226113419.0 aB-529161-167 B-663788 a9780143414667 (V.I)c499.00 aB-529161-167 aB-663788 adplbUBH/Ven adplbBookwell/Ven aN aClassic Ruskin Bond:bcomplete and unabridged/ aNew DelhibPenguin Booksc2010 a11 Community Centre, Panchsheel ParkbNew Delhie110017 av.I(490p.)c21cm(pbk) a13-14EN